[Event "UKR Games (Women) 3rd"]
[Site "Evpatoria"]
[Date "2007.05.25"]
[Round "7"]
[White "Gorbatenko, Kateryna"]
[Black "Matjushina, Zoja"]
[Result "1-0"]
[WhiteElo "2082"]
[BlackElo "2179"]
[PlyCount "85"]
[EventDate "2007.05.21"]
[EventType "team"]
[EventRounds "7"]
[EventCountry "UKR"]
[SourceTitle "CBM 118 Extra"]
[Source "ChessBase"]
[SourceDate "2007.07.04"]
[SourceVersion "1"]
[SourceVersionDate "2007.07.04"]
[SourceQuality "1"]

1. Nf3 Nf6 2. c4 g6 3. d4 Bg7 4. Nc3 d6 5. e4 0-0 6. Be2 e5 7. d5 a5 8. Bg5 h6 9. Bh4 Na6 10. Nd2 Qe8 11. 0-0 Nh7 12. a3 Bd7 13. Rb1 a4 14. Nb5 Bxb5 15. cxb5 Nc5 16. f3 b6 17. Qc1 f5 18. exf5 gxf5 19. b4 axb3 20. Nxb3 Nf6 21. Nxc5 bxc5 22. Bc4 Nd7 23. Be1 Nb6 24. Ba2 Ra4 25. Bb3 Ra7 26. Bd2 Qxb5 27. Bxh6 Qd7 28. Bxg7 Qxg7 29. a4 Nxa4 30. Ra1 Rfa8 31. Qc2 Qd7 32. g4 Nb6 33. Rxa7 Rxa7 34. gxf5 Kf7 35. Qe4 Ra8 36. f4 Rg8+ 37. Kh1 Rg4 38. Bd1 Rxf4 39. Bh5+ Kf8 40. Rxf4 exf4 41. f6 c4 42. Qg6 Nxd5 43. f7 1-0

[Event "UKR Games (Women) 3rd"]
[Site "Evpatoria"]
[Date "2007.05.24"]
[Round "6"]
[White "Matjushina, Zoja"]
[Black "Gritsayeva, Oksana"]
[Result "1/2-1/2"]
[WhiteElo "2179"]
[BlackElo "2303"]
[PlyCount "49"]
[EventDate "2007.05.21"]
[EventType "team"]
[EventRounds "7"]
[EventCountry "UKR"]
[SourceTitle "CBM 118 Extra"]
[Source "ChessBase"]
[SourceDate "2007.07.04"]
[SourceVersion "1"]
[SourceVersionDate "2007.07.04"]
[SourceQuality "1"]

1. e4 c5 2. Nf3 d6 3. d4 cxd4 4. Nxd4 Nf6 5. Nc3 a6 6. Bg5 e6 7. f4 Qc7 8. Qf3 b5 9. a3 Bb7 10. Bxf6 gxf6 11. 0-0-0 h5 12. Qh3 Nd7 13. f5 e5 14. Nb3 Rc8 15. Bd3 Nb6 16. Qf3 h4 17. Kb1 Bh6 18. Be2 Ke7 19. Na1 Qc5 20. Rd3 Bf4 21. Rhd1 Bxh2 22. Rxd6 Rhd8 23. Rxd8 Rxd8 24. Rxd8 Kxd8 25. Nb3 1/2-1/2

[Event "UKR Games (Women) 3rd"]
[Site "Evpatoria"]
[Date "2007.05.22"]
[Round "3"]
[White "Matjushina, Zoja"]
[Black "Ivanenko, Olga A"]
[Result "1/2-1/2"]
[WhiteElo "2179"]
[BlackElo "2130"]
[PlyCount "81"]
[EventDate "2007.05.21"]
[EventType "team"]
[EventRounds "7"]
[EventCountry "UKR"]
[SourceTitle "CBM 118 Extra"]
[Source "ChessBase"]
[SourceDate "2007.07.04"]
[SourceVersion "1"]
[SourceVersionDate "2007.07.04"]
[SourceQuality "1"]

1. e4 c5 2. Nf3 e6 3. d4 cxd4 4. Nxd4 a6 5. Bd3 Qc7 6. Qe2 d6 7. b3 Nf6 8. Bb2 Nbd7 9. c4 g6 10. 0-0 Bg7 11. Kh1 0-0 12. f4 e5 13. fxe5 Nxe5 14. Nc3 Bg4 15. Qd2 Rfe8 16. Rae1 Qd7 17. Be2 Be6 18. Bd1 Rad8 19. a4 Qc7 20. Nde2 Bxc4 21. bxc4 Nxc4 22. Qc2 Ne3 23. Qb3 Nxf1 24. Rxf1 Nxe4 25. Nxe4 Rxe4 26. Bxg7 Kxg7 27. Qb2+ Kg8 28. Bb3 d5 29. Qd2 Re5 30. Nf4 Qd6 31. Rd1 d4 32. Kg1 Rf5 33. g3 Kg7 34. Bc2 Rc5 35. Rc1 Rd7 36. Rd1 Qc7 37. Bb3 Qb6 38. Rb1 Qd6 39. Rd1 Qb6 40. Rb1 Qd6 41. Rd1 1/2-1/2

[Event "UKR-ch (Women)"]
[Site "Alushta"]
[Date "1998.??.??"]
[Round "?"]
[White "Matjushina, Zoja"]
[Black "Zatonskih, Anna"]
[Result "1-0"]
[WhiteElo "2195"]
[BlackElo "2340"]
[PlyCount "93"]
[EventDate "1998.05.??"]
[EventType "swiss"]
[EventRounds "9"]
[EventCountry "UKR"]
[SourceTitle "EXT 2003"]
[Source "ChessBase"]
[SourceDate "2002.11.25"]
[SourceVersion "1"]
[SourceVersionDate "2002.11.25"]
[SourceQuality "1"]

1. e4 c5 2. Nc3 Nc6 3. f4 g6 4. Nf3 Bg7 5. Bb5 Nd4 6. 0-0 a6 7. Bd3 d6 8. Nxd4 cxd4 9. Ne2 Nf6 10. c3 dxc3 11. dxc3 0-0 12. Kh1 b5 13. Be3 Bb7 14. Qc2 Rc8 15. Rad1 Qc7 16. Nd4 Qb8 17. Bg1 Qa8 18. Rde1 Rfd8 19. Nb3 a5 20. Bb6 Rf8 21. Bxa5 Rc4 22. Bb4 Bxe4 23. Na5 Bxd3 24. Qxd3 Re4 25. Qxb5 Rxe1 26. Rxe1 Nd5 27. Nc6 Nxf4 28. Nxe7+ Kh8 29. Qf1 Be5 30. Qf3 Qxa2 31. Nc6 Ra8 32. Nxe5 dxe5 33. Ba3 Qd5 34. Qxd5 Nxd5 35. c4 Nb6 36. Rc1 e4 37. Bc5 Nd7 38. Bd4+ Kg8 39. c5 Rc8 40. b4 f5 41. c6 Kf7 42. b5 Ke6 43. Kg1 Kd5 44. cxd7 Rxc1+ 45. Kf2 Rc2+ 46. Ke3 f4+ 47. Kxf4 1-0